| 000 | 01304 a2200217 4500 | ||
|---|---|---|---|
| 010 | _a96019902 | ||
| 020 | _a033519740X | ||
| 040 | _aDLC | ||
| 082 | _a428.40711 | ||
| 100 | 1 | _aFairbairn, Gavin. | |
| 245 | 1 | 0 |
_aReading, writing and reasoning: a guide for students _ba guide for students / _cGavin J. Fairbairn, Christopher Winch. |
| 250 | _a2nd ed. | ||
| 260 |
_aPhiladelphia, Pa. : _bOpen University Press, _c1996. |
||
| 300 | _a235 p. | ||
| 520 | _aIf you find writing essays difficult and leave them to the last minute, if you panic as the deadline for submission approaches then this is the book for you. This guide will enable you to develop essential skills in reading, writing and reasoning. The authors are both very experienced in helping students to develop proficiency in these areas. Written in plain language, the book encourages the development of skills in reading and evaluating texts, in the use of a clear and effective writing style and in cogent argument. The practical advice, examples and exercises are invaluable for all students who would like to become better readers, writers and reasoners. | ||
| 650 | 0 | _aStudy skills. | |
| 650 | 0 | _aReading (Higher education) | |
| 650 | 0 |
_aEnglish language _xStyle. |
|
| 700 | 1 | _aWinch, Christopher. | |
| 942 |
_cBK _k428.40711 FAI _2ddc |
||
| 999 |
_c7490 _d7490 |
||